Les joueurs les plus Hors-Jeu de l'histoire de la Premier League - Statistiques

Statistiques générales
  • Ce quiz a été pris 47 fois
  • Le résultat moyen est 6 sur 20
Statistiques - réponses
Nombre de HJ Réponse % Correct
175 Wayne Rooney
81%
194 Sergio Agüero
72%
160 Harry Kane
67%
198 Robin Van Persie
58%
186 Jamie Vardy
51%
159 Fernando Torres
44%
192 Romelu Lukaku
37%
180 Olivier Giroud
35%
162 Carlos Tévez
30%
157 Diego Costa
26%
182 Nicolas Anelka
26%
314 Jermain Defoe
23%
170 Andy Cole
21%
238 Dimitar Berbatov
21%
276 Darren Bent
16%
328 Emmanuel Adebayor
14%
166 Robbie Keane
12%
202 Christian Benteke
9%
195 Gabriel Agbonlahor
2%
173 Yakubu Aiyegbeni
0%
Aucun quiz correspondant
Distribution des résultats
% des personnes avec chaque résultat
Percentile par nombre de réponses
Votre historique - résultats
Vous n’avez pas pris ce quiz